000 00246nam a2200097Ia 4500
005 20251222114356.0
008 251222s1900||||xx |||||||||||||| ||spa||
082 _aDVD0170/H59I/1959
245 0 _aIntriga internacional:North by northwest
942 _cDVD
999 _c1456
_d1456